000 03194cam a2200277 4500500
005 20260308012049.0
041 _afre
042 _adc
100 1 0 _aZoghlami, Naouel
_eauthor
700 1 0 _aGrosbois, Muriel
_eauthor
245 0 0 _aFormer à la communication multimodale en anglais L2 : pratiques enseignantes et perspectives pour la formation des professionnels
260 _c2026.
500 _a79
520 _aDans cet article, nous explorons la maîtrise de compétences communicationnelles multimodales en anglais L2 pour l’agir professionnel, sachant que la communication est médiatisée et se produit désormais dans un contexte globalisé. Nous interrogeons plus spécifiquement dans quelle mesure les pratiques enseignantes préparent les apprenants à développer ces compétences, ce qui représente un défi pour les institutions d’enseignement supérieur et de recherche. Pour cela, nous examinons en particulier la part non-verbale de la communication telle que développée dans un dispositif d’apprentissage de l’anglais L2 spécifiquement conçu et mis en place pour un public d’adultes professionnels en formation continue dans le secteur LANSAD. Nos résultats mettent en lumière que les enseignants de langue participent au développement des compétences communicationnelles multimodales de leurs apprenants – un aspect essentiel de la « fabrication » des professionnels – mais à des degrés divers, et qu’ils gagneraient à bénéficier d’un accompagnement dans la perspective de développement d’une conscience sémiotique critique et de pratiques pédagogiques informées par la recherche.
520 _aIn this article, we explore multimodal communicative competence in L2 English for professional purposes, given that communication today is sustained by technology and occurs in a globalized context. More specifically, we examine the extent to which teaching practices prepare learners to develop these skills, which represents a challenge for higher education institutions. To this end, we study in particular the non-verbal part of communication as developed in an L2 English learning environment specifically designed and implemented for the training of professional adults enrolled in a continuing training program in the LSP sector. Our results show that language teachers are indeed involved in the development of learners’ multimodal communicative competence — an essential skill, since becoming a professional entails mastering the semiotic resources employed by the professional community — but to varying degrees, and that they would benefit from support in order to further develop critical semiotic awareness and research-informed pedagogical practices.
690 _acompétences communicationnelles
690 _aenseignants de langues
690 _amultimodalité
690 _aprofessionnalisation
690 _acommunicative competence
690 _aL2 teachers
690 _amultimodality
690 _aprofessionalization
786 0 _nPhronesis | 15 | 1 | 2026-01-04 | p. 74-93
856 4 1 _uhttps://shs.cairn.info/revue-phronesis-2026-1-page-74?lang=fr&redirect-ssocas=7080
999 _c1679257
_d1679257